00263nam a22000977a 4500003000400000005001700004008004100021040002400062082001500086245006400101OSt20260225145610.0260225b |||||||| |||| 00| 0 eng d cCatholic University a297.27 SUL aULIMWENGU: KILA CHEMBE NI KITABU KAMILI CHA ISHARA ZA ALLAH